000 00613nam a22001817a 4500
003 UA-OsUOA
001 9436
007 ta
008 20041102b un ||||| |||| 00| 0 ukr d
100 _aБосак М.
942 _cSA
040 _aUA-OsUOA
_cUA-OsUOA
_dUA-OsUOA
245 _aПророцтво на віки : До історії написання Тарасом Шевченком " Розритої могили"
300 _aС.1, 7
955 _a0
773 0 _w0
_tЛітературна Украіна
_dКиїв
_d2004
_g№41
650 7 _aУкраїнське літературознавство
_2UDC
999 _c295597
_d295597